Multiples of 9 Quiz - Statistics

General Stats
  • This quiz has been taken 604 times
  • The average score is 24 of 25
Answer Stats
Answer % Correct
9
100%
18
99%
27
99%
36
99%
45
99%
63
99%
72
99%
54
98%
81
98%
90
98%
99
97%
108
96%
117
94%
126
94%
135
94%
144
93%
153
93%
162
93%
171
93%
180
93%
189
93%
207
93%
198
92%
216
92%
225
92%
No matching quizzes found
Score Distribution
Percent of People with Each Score
Percentile by Number Answered
Your Score History
You have not taken this quiz